The daily reset (Record no. 5087)
[ view plain ]
| 000 -CABECERA | |
|---|---|
| campo de control de longitud fija | 01544nam a22001937a 4500 |
| 008 - DATOS DE LONGITUD FIJA--INFORMACIÓN GENERAL | |
| campo de control de longitud fija | 251022b |||||||| |||| 00| 0 eng d |
| 020 ## - NÚMERO INTERNACIONAL ESTÁNDAR DEL LIBRO | |
| Número Internacional Estándar del Libro | 9788409342525 |
| 040 ## - FUENTE DE LA CATALOGACIÓN | |
| Centro/agencia transcriptor | tbs |
| 041 ## - CÓDIGO DE LENGUA | |
| Código de lengua del texto/banda sonora o título independiente | eng |
| 100 ## - ENTRADA PRINCIPAL--NOMBRE DE PERSONA | |
| Nombre de persona | MacGregor, Steven P. |
| 9 (RLIN) | 26272 |
| Término indicativo de función/relación | author |
| 245 ## - MENCIÓN DE TÍTULO | |
| Título | The daily reset |
| Resto del título | : 366 nudges to move your life forward |
| Mención de responsabilidad, etc. | / Steven P. MacGregor. |
| 260 ## - PUBLICACIÓN, DISTRIBUCIÓN, ETC. | |
| Lugar de publicación, distribución, etc. | [Place of publication not identified] : |
| Nombre del editor, distribuidor, etc. | Sheepdog Press, |
| Fecha de publicación, distribución, etc. | 2021. |
| 300 ## - DESCRIPCIÓN FÍSICA | |
| Extensión | 401 pages : |
| Otras características físicas | illustrations ; |
| Dimensiones | 21 cm. |
| 490 ## - MENCIÓN DE SERIE | |
| Mención de serie | Chief wellbeing officer |
| 520 ## - SUMARIO, ETC. | |
| Sumario, etc. | We get to write a new page of our lives each and every day. No matter what the day holds, we go to sleep and reset for the new one ahead. Each daily reset gives us an opportunity to improve, by small yet valuable margins. This book provides guidance, inspiration and knowledge to move your life forward. You will find 366 nudges—reflections, questions, hacks, facts, stories, studies and methods—divided into 12 key themes for your wellbeing.<br/><br/>Wellbeing is a journey. We might not find the right path the first time. In fact, it’s something that is always changing, evolving as we adapt to the way our life journey throws us surprises, setbacks and fortune, pleasure and pain. Such is the richness of life. Both journey and journal come from the same root, the Old French jour, or day. Every journey starts with a step, a day. If you don’t get it right today, simply reset. And go again tomorrow.<br/><br/>Let’s begin.<br/> |
| 650 #0 - PUNTO DE ACCESO ADICIONAL DE MATERIA--TÉRMINO DE MATERIA | |
| Término de materia o nombre geográfico como elemento de entrada | Health and Wellbeing |
| 9 (RLIN) | 26273 |
| 655 #0 - TÉRMINO DE INDIZACIÓN--GÉNERO/FORMA | |
| Datos o término principal de género/forma | Self-Improvement |
| 9 (RLIN) | 24754 |
| 942 ## - ELEMENTOS DE ENTRADA AGREGADA (KOHA) | |
| Fuente del sistema de clasificación o colocación | Clasificación de Library of Congress |
No items available.

